00350nam a2200133Ia 4500008004100000020001500041041001200056082001100068100001700079245006900096260002700165300000800192650001600200221030s9999 xx 000 0 und d a8188114405 aEnglish a105.23 aY. V. Chavan 0aComputer Networks (Inducing Data Communication)cby Y. V. Chavan bUmesh PubaDelhic2008 a293 aBE Computer